000 00486cam a2200193ua 4500
001 12083
005 20260515114833.0
008 200218n ii |||gr||||Z||||||eng
020 _a9788186307939
040 _cMAIN
082 _a303.4
100 _aDilip Kumar Bhuyan,
_eAuthor.
245 _aEducation and social change
_cBy Dilip Kumar Bhuyan
250 _a1st ed.
260 _aGuwahati:
_bDVS publishers,
_c2014.
300 _a181p.
653 _aSocial processes
942 _cBK
999 _c10845
_d10845